| 000 | 00426cam a2200181 4500 | ||
|---|---|---|---|
| 001 | D2095 | ||
| 008 | 090401t1984 xxu||||| |||| 00| 0 eng d | ||
| 035 | _a(Sirsi) u67405 | ||
| 041 | _aeng | ||
| 050 | _a346.41043 | ||
| 100 | _aScamell, E. | ||
| 245 | _aButterworths property law handbook | ||
| 260 |
_aLondon _bButterworths _c1984 |
||
| 300 | _avi. 630,17p. 25cm | ||
| 350 | _a14.95 | ||
| 942 | _n0 | ||
| 948 | _c04/03/1997 | ||
| 999 |
_c95006 _d95006 |
||